Trên đường gập ghềnh tới tương lai
Tập hợp các báo cáo kinh tế Việt Nam của Trung tâm Nghiên cứu kinh tế và chính sách, Đại học Quốc gia Hà Nội
Wedi'i Gadw mewn:
| Prif Awdur: | |
|---|---|
| Fformat: | Llyfr |
| Iaith: | Undetermined |
| Cyhoeddwyd: |
Hà Nội
Nxb. Đại học Quốc gia Hà Nội
2014
|
| Pynciau: | |
| Tagiau: |
Ychwanegu Tag
Dim Tagiau, Byddwch y cyntaf i dagio'r cofnod hwn!
|
| Thư viện lưu trữ: | Trung tâm Học liệu Trường Đại học Cần Thơ |
|---|
| LEADER | 00780nam a2200205Ia 4500 | ||
|---|---|---|---|
| 001 | CTU_202783 | ||
| 008 | 210402s9999 xx 000 0 und d | ||
| 020 | |c 172000 | ||
| 082 | |a 338.9597 | ||
| 082 | |b Th107 | ||
| 100 | |a Nguyễn, Đức Thành | ||
| 245 | 0 | |a Trên đường gập ghềnh tới tương lai | |
| 245 | 0 | |c Nguyễn Đức Thành (chủ biên) | |
| 260 | |a Hà Nội | ||
| 260 | |b Nxb. Đại học Quốc gia Hà Nội | ||
| 260 | |c 2014 | ||
| 520 | |a Tập hợp các báo cáo kinh tế Việt Nam của Trung tâm Nghiên cứu kinh tế và chính sách, Đại học Quốc gia Hà Nội | ||
| 650 | |a Kinh tế | ||
| 904 | |i Nguyên | ||
| 980 | |a Trung tâm Học liệu Trường Đại học Cần Thơ | ||